[Event "Bamberg-Open 2019"]
[Site "Bamberg"]
[Date "2019.05.31"]
[Round "4.2"]
[White "Hacker, Jonas"]
[Black "Langheinrich, Ferenc"]
[Result "1-0"]
[WhiteElo "2386"]
[BlackElo "2379"]
[Annotator "ChessBase"]
[PlyCount "82"]
[EventDate "2019.05.12"]
[EventType "swiss"]
[EventCountry "GER"]
[SourceTitle "playchess.com"]
[Source "ChessBase"]
[SourceQuality "1"]
[TimeControl "40/5400+30:900+30"]

1. e4 {[%emt 0:00:00]} d5 {[%emt 0:00:00]} 2. exd5 {[%emt 0:00:00]} Qxd5 {[%emt 0:00:00]} 3. Nc3 {[%emt 0:00:00]} Qa5 {[%emt 0:00:50]} 4. d4 {[%emt 0:00:27]} Nf6 {[%emt 0:00:18]} 5. Nf3 {[%emt 0:00:28]} Bg4 {[%emt 0:00:21]} 6. h3 {[%emt 0:01:46]} Bxf3 {[%emt 0:00:23]} 7. Qxf3 {[%emt 0:00:32]} c6 {[%emt 0:00:14]} 8. Bd2 {[%emt 0:06:25]} Qd8 {[%emt 0:01:17]} 9. O-O-O {[%emt 0:02:30]} e6 {[%emt 0:00:03]} 10. Ne4 {[%emt 0:02:26]} Nxe4 {[%emt 0:01:24]} 11. Qxe4 {[%emt 0:00:02]} Qd5 {[%emt 0:00:05]} 12. Qxd5 {[%emt 0:01:17]} cxd5 {[%emt 0:00:24]} 13. c4 {[%emt 0:12:16]} dxc4 {[%emt 0:00:33]} 14. Bxc4 {[%emt 0:05:37]} Nd7 {[%emt 0:00:06]} 15. Kb1 {[%emt 0:00:45]} Nb6 {[%emt 0:10:06]} 16. Bb3 {[%emt 0:09:35]} O-O-O {[%emt 0:10:54]} 17. Ba5 {[%emt 0:07:03]} Bd6 {[%emt 0:02:28]} 18. Bxb6 {[%emt 0:02:17]} axb6 {[%emt 0:00:08]} 19. f4 {[%emt 0:04:57]} Kb8 {[%emt 0:05:47]} 20. Rhf1 {[%emt 0:03:56]} Be7 {[%emt 0:03:06]} 21. d5 {[%emt 0:02:57]} exd5 {[%emt 0:00:50]} 22. Bxd5 {[%emt 0:01:34]} Rd7 {[%emt 0:04:26]} 23. Bb3 {[%emt 0:08:26]} Rhd8 {[%emt 0:00:39]} 24. Rxd7 {[%emt 0:00:21]} Rxd7 {[%emt 0:00:08]} 25. Rd1 {[%emt 0:00:03]} Rxd1+ {[%emt 0:04:54]} 26. Bxd1 {[%emt 0:00:01]} f5 {[%emt 0:14:47]} 27. Bc2 {[%emt 0:01:56]} g6 {[%emt 0:02:38]} 28. Bb3 {[%emt 0:07:06]} h6 {[%emt 0:04:11]} 29. Bf7 {[%emt 0:01:36]} g5 {[%emt 0:00:44]} 30. Be6 {[%emt 0:00:39]} gxf4 {[%emt 0:02:06]} 31. Bxf5 {[%emt 0:00:02]} h5 {[%emt 0:00:09]} 32. Kc2 {[%emt 0:00:12]} h4 {[%emt 0:01:48]} 33. Kd3 {[%emt 0:00:09]} Bc5 {[%emt 0:07:52]} 34. Ke4 {[%emt 0:00:05]} Bd6 {[%emt 0:04:27]} 35. Bd7 {[%emt 0:04:36]} Kc7 {[%emt 0:00:28]} 36. Bb5 {[%emt 0:00:06]} Kb8 {[%emt 0:00:42]} 37. Kf5 {[%emt 0:00:38]} Kc7 {[%emt 0:00:16]} 38. Ba4 {[%emt 0:01:23]} Kb8 {[%emt 0:00:25]} 39. Kg4 {[%emt 0:00:59]} Be7 {[%emt 0:00:04]} 40. b4 {[%emt 0:00:52]} Kc7 {[%emt 0:01:47]} 41. b5 {[%emt 0:15:23]} Bf8 1-0

[Event "Bamberg-Open 2019"]
[Site "Bamberg"]
[Date "2019.05.31"]
[Round "4.3"]
[White "Delitzsch, Juergen"]
[Black "Stets, Dmitry"]
[Result "0-1"]
[WhiteElo "2175"]
[BlackElo "2391"]
[Annotator "ChessBase"]
[PlyCount "100"]
[EventDate "2019.05.12"]
[EventType "swiss"]
[EventCountry "GER"]
[SourceTitle "playchess.com"]
[Source "ChessBase"]
[SourceQuality "1"]
[TimeControl "40/5400+30:900+30"]

1. d4 {[%emt 0:00:00]} Nf6 {[%emt 0:00:59]} 2. c4 {[%emt 0:00:00]} g6 {[%emt 0:00:06]} 3. Nc3 {[%emt 0:00:00]} Bg7 {[%emt 0:00:04]} 4. e4 {[%emt 0:00:00]} d6 {[%emt 0:00:06]} 5. f3 {[%emt 0:00:00]} O-O {[%emt 0:00:10]} 6. Be3 {[%emt 0:00:00]} Nc6 {[%emt 0:00:18]} 7. Nge2 {[%emt 0:00:05]} a6 {[%emt 0:00:23]} 8. Qd2 {[%emt 0:00:04]} Rb8 {[%emt 0:00:07]} 9. h4 {[%emt 0:00:18]} b5 {[%emt 0:00:44]} 10. cxb5 {[%emt 0:06:22]} axb5 {[%emt 0:00:21]} 11. h5 {[%emt 0:00:07]} e5 {[%emt 0:02:38]} 12. hxg6 {[%emt 0:04:43]} fxg6 {[%emt 0:00:20]} 13. d5 {[%emt 0:00:49]} Na5 {[%emt 0:00:24]} 14. b3 {[%emt 0:01:30]} b4 {[%emt 0:03:01]} 15. Nd1 {[%emt 0:00:17]} Ba6 {[%emt 0:19:30]} 16. Bh6 {[%emt 0:06:56]} Bxh6 {[%emt 0:10:02]} 17. Qxh6 {[%emt 0:03:05]} Ra8 {[%emt 0:01:18]} 18. Rc1 {[%emt 0:01:08]} Nb7 {[%emt 0:00:23]} 19. Rc2 {[%emt 0:01:31]} Nc5 {[%emt 0:03:36]} 20. Nf2 {[%emt 0:00:18]} Nd3+ {[%emt 0:04:45]} 21. Nxd3 {[%emt 0:00:14]} Bxd3 {[%emt 0:00:07]} 22. Rd2 {[%emt 0:00:31]} Bxe2 {[%emt 0:00:14]} 23. Bxe2 {[%emt 0:00:08]} Qe7 {[%emt 0:00:14]} 24. Rc2 {[%emt 0:05:27]} Nh5 {[%emt 0:04:37]} 25. Qc1 {[%emt 0:03:39]} Ra7 {[%emt 0:01:41]} 26. Kf2 {[%emt 0:04:16]} Nf6 {[%emt 0:07:06]} 27. Kg1 {[%emt 0:04:40]} Rfa8 {[%emt 0:02:00]} 28. Bb5 {[%emt 0:08:20]} Rxa2 {[%emt 0:06:44]} 29. Rxc7 {[%emt 0:09:15]} Qd8 {[%emt 0:00:50]} 30. Ba4 {[%emt 0:01:38]} Ra1 {[%emt 0:00:30]} 31. Qxa1 {[%emt 0:02:10]} Qxc7 {[%emt 0:00:07]} 32. Qe1 {[%emt 0:02:23]} Qc5+ {[%emt 0:03:56]} 33. Kh2 {[%emt 0:02:35]} Nh5 {[%emt 0:00:15]} 34. Qc1 {[%emt 0:02:10]} Qf2 {[%emt 0:04:12]} 35. Qe1 {[%emt 0:02:13]} Qb6 {[%emt 0:00:45]} 36. Qd2 {[%emt 0:01:44]} Ra5 {[%emt 0:01:49]} 37. Rc1 {[%emt 0:04:33]} Rc5 {[%emt 0:00:06]} 38. Bd7 {[%emt 0:09:52]} Nf4 {[%emt 0:01:55]} 39. Rxc5 {[%emt 0:06:18]} Qxc5 {[%emt 0:00:06]} 40. Qa2 {[%emt 0:02:30]} Kg7 {[%emt 0:00:39]} 41. Bh3 {[%emt 0:22:37]} Qe3 {[%emt 0:16:34]} 42. Qc2 {[%emt 0:00:00]} Ne2 {[%emt 0:00:00]} 43. Qd1 {[%emt 0:00:00]} Qf4+ {[%emt 0:00:00]} 44. Kh1 {[%emt 0:00:00]} Qc1 {[%emt 0:00:00]} 45. Qxc1 {[%emt 0:00:00]} Nxc1 {[%emt 0:00:00]} 46. Kg1 {[%emt 0:00:00]} Nxb3 {[%emt 0:00:00]} 47. Kf2 {[%emt 0:00:00]} Nd4 {[%emt 0:00:00]} 48. g3 {[%emt 0:00:00]} b3 {[%emt 0:00:00]} 49. Bf1 {[%emt 0:00:00]} b2 {[%emt 0:00:00]} 50. Bd3 {[%emt 0:00:00]} Nb5 {[%emt 0:00:00]} 0-1

[Event "Bamberg-Open 2019"]
[Site "Bamberg"]
[Date "2019.05.31"]
[Round "4.4"]
[White "Laznicka, Viktor"]
[Black "Kues, Jarl-Hendrik"]
[Result "1-0"]
[WhiteElo "2660"]
[BlackElo "2137"]
[Annotator "TA"]
[PlyCount "43"]
[EventDate "2019.05.12"]
[EventType "swiss"]
[EventCountry "GER"]
[SourceTitle "playchess.com"]
[Source "ChessBase"]
[SourceQuality "1"]

{[%evp 21,43,57,72,75,69,56,56,44,70,60,117,120,118,120,104,111,110,118,225,208,385,383,420,410]} 1. d4 Nf6 2. c4 c5 3. d5 b5 4. cxb5 a6 5. bxa6 g6 6. Nc3 Bxa6 7. Nf3 Bg7 8. e4 Bxf1 9. Kxf1 d6 10. g3 O-O 11. Kg2 Nbd7 12. a4 {A59: Benko/Volga Gambit: White castles by hand} Ra6 13. Qc2 (13. Re1 Qa8 14. Nb5 Rc8 15. Ra3 Ne8 16. Qc2 Nc7 17. Nxc7 Rxc7 18. b4 cxb4 19. Qxc7 bxa3 20. Bxa3 Rxa4 21. Qxd7 {0-1 (37) Vallejo Pons,F (2711)-Tregubov,P (2585) Tallinn 2016}) 13... Qa8 14. Ra3 {White is slightly better.} Rc8 15. Rd1 c4 (15... e6 $14) 16. Be3 Nc5 $146 ({Predecessor:} 16... Ng4 17. Bd4 Nge5 18. Nxe5 Nxe5 19. Nb5 f5 20. Bxe5 Bxe5 21. exf5 gxf5 22. Rf3 Rxa4 23. Rxf5 Ra5 24. Rh5 Kf8 25. Rxh7 {1-0 (25) Aczel,G (2549)-Carmaciu,L (2374) Sovata 2018}) 17. Bxc5 Rxc5 18. Nd4 Ng4 19. Nc6 Qb7 (19... Ne5 $16 {is a better defense.}) 20. Rb1 $18 Rcxc6 $2 {[#]} (20... Raxc6 21. dxc6 Qxc6) 21. dxc6 Qxc6 22. Nd5 {Accuracy: White = 71%, Black = 31%.} 1-0

[Event "Bamberg-Open 2019"]
[Site "Bamberg"]
[Date "2019.05.31"]
[Round "4.5"]
[White "Pacher, Milan"]
[Black "Zenker, Ulrich"]
[Result "1-0"]
[WhiteElo "2396"]
[BlackElo "2147"]
[Annotator "ChessBase"]
[PlyCount "59"]
[EventDate "2019.05.12"]
[EventType "swiss"]
[EventCountry "GER"]
[SourceTitle "playchess.com"]
[Source "ChessBase"]
[SourceQuality "1"]
[TimeControl "40/5400+30:900+30"]

1. e4 {[%emt 0:00:00]} e5 {[%emt 0:00:00]} 2. Nf3 {[%emt 0:00:00]} Nc6 {[%emt 0:00:00]} 3. Bb5 {[%emt 0:00:00]} a6 {[%emt 0:00:00]} 4. Ba4 {[%emt 0:00:16]} Nf6 {[%emt 0:00:00]} 5. O-O {[%emt 0:00:06]} Be7 {[%emt 0:00:20]} 6. Re1 {[%emt 0:00:04]} b5 {[%emt 0:00:05]} 7. Bb3 {[%emt 0:00:03]} d6 {[%emt 0:00:18]} 8. c3 {[%emt 0:00:04]} O-O {[%emt 0:00:09]} 9. h3 {[%emt 0:00:03]} Nd7 {[%emt 0:02:30]} 10. d4 {[%emt 0:00:26]} Bf6 {[%emt 0:00:09]} 11. d5 {[%emt 0:02:44]} Ne7 {[%emt 0:00:36]} 12. Nbd2 {[%emt 0:00:37]} Ng6 {[%emt 0:08:49]} 13. a4 {[%emt 0:01:02]} bxa4 {[%emt 0:02:35]} 14. Bxa4 {[%emt 0:00:15]} Nc5 {[%emt 0:00:40]} 15. Bc2 {[%emt 0:00:05]} Nf4 {[%emt 0:12:27]} 16. Nf1 {[%emt 0:01:47]} Kh8 {[%emt 0:05:42]} 17. Bxf4 {[%emt 0:03:49]} exf4 {[%emt 0:00:05]} 18. e5 {[%emt 0:00:04]} dxe5 {[%emt 0:20:56]} 19. Nxe5 {[%emt 0:07:42]} Kg8 {[%emt 0:00:47]} 20. Qd4 {[%emt 0:07:03]} Qd6 {[%emt 0:08:19]} 21. Nd2 {[%emt 0:01:43]} Bb7 {[%emt 0:03:22]} 22. b4 {[%emt 0:04:51]} Nd7 {[%emt 0:00:46]} 23. Ndc4 {[%emt 0:06:42]} Bxe5 {[%emt 0:07:19]} 24. Rxe5 {[%emt 0:00:41]} Qh6 {[%emt 0:05:28]} 25. Re7 {[%emt 0:03:59]} Nf6 {[%emt 0:00:20]} 26. Nb6 {[%emt 0:02:53]} Rad8 {[%emt 0:13:21]} 27. Bb3 {[%emt 0:01:39]} Bxd5 {[%emt 0:01:55]} 28. Nxd5 {[%emt 0:01:14]} Nxd5 {[%emt 0:00:50]} 29. Bxd5 {[%emt 0:00:03]} f3 {[%emt 0:00:58]} 30. Rxf7 {[%emt 0:00:38]} 1-0

[Event "Bamberg-Open 2019"]
[Site "Bamberg"]
[Date "2019.05.31"]
[Round "4.6"]
[White "Kurayan, Ruslan"]
[Black "Lohvinov, Petro"]
[Result "1-0"]
[WhiteElo "2374"]
[BlackElo "2086"]
[Annotator "ChessBase"]
[PlyCount "63"]
[EventDate "2019.05.12"]
[EventType "swiss"]
[EventCountry "GER"]
[SourceTitle "playchess.com"]
[Source "ChessBase"]
[SourceQuality "1"]
[TimeControl "40/5400+30:900+30"]

1. e4 {[%emt 0:00:00]} c5 {[%emt 0:00:00]} 2. Nf3 {[%emt 0:00:00]} e6 {[%emt 0:00:00]} 3. d4 {[%emt 0:00:49]} cxd4 {[%emt 0:00:00]} 4. Nxd4 {[%emt 0:00:07]} a6 {[%emt 0:00:09]} 5. Nc3 {[%emt 0:00:10]} Qc7 {[%emt 0:00:04]} 6. Bd3 {[%emt 0:00:19]} Nc6 {[%emt 0:00:12]} 7. Nxc6 {[%emt 0:01:58]} bxc6 {[%emt 0:00:08]} 8. O-O {[%emt 0:03:15]} d5 {[%emt 0:00:08]} 9. f4 {[%emt 0:04:16]} Nf6 {[%emt 0:09:00]} 10. Qe2 {[%emt 0:07:35]} Be7 {[%emt 0:12:49]} 11. e5 {[%emt 0:15:44]} Nd7 {[%emt 0:01:37]} 12. Na4 {[%emt 0:00:07]} c5 {[%emt 0:25:20]} 13. c4 {[%emt 0:01:10]} d4 {[%emt 0:02:14]} 14. Bd2 {[%emt 0:01:32]} Bb7 {[%emt 0:03:09]} 15. b3 {[%emt 0:01:02]} h5 {[%emt 0:08:06]} 16. f5 {[%emt 0:17:28]} Qxe5 {[%emt 0:16:46]} 17. fxe6 {[%emt 0:00:52]} Qxe6 {[%emt 0:00:37]} 18. Rae1 {[%emt 0:05:31]} Qxe2 {[%emt 0:12:25]} 19. Rxe2 {[%emt 0:00:27]} Kf8 {[%emt 0:01:07]} 20. Bf5 {[%emt 0:01:25]} Nf6 {[%emt 0:02:09]} 21. Bf4 {[%emt 0:01:23]} g6 {[%emt 0:01:31]} 22. Bxg6 {[%emt 0:03:31]} fxg6 {[%emt 0:00:43]} 23. Bd6 {[%emt 0:00:10]} Bxd6 {[%emt 0:00:44]} 24. Rxf6+ {[%emt 0:00:06]} Kg7 {[%emt 0:00:25]} 25. Rxd6 {[%emt 0:00:09]} Bc8 {[%emt 0:02:23]} 26. Nxc5 {[%emt 0:00:11]} Bf5 {[%emt 0:00:11]} 27. Ne6+ {[%emt 0:00:08]} Bxe6 {[%emt 0:00:55]} 28. Rexe6 {[%emt 0:00:07]} Rhd8 {[%emt 0:00:25]} 29. Rxg6+ {[%emt 0:00:17]} Kf7 {[%emt 0:00:21]} 30. Kf2 {[%emt 0:00:17]} d3 {[%emt 0:00:39]} 31. Ke3 {[%emt 0:00:07]} Ke7 {[%emt 0:00:13]} 32. Rge6+ {[%emt 0:00:05]} 1-0

[Event "Bamberg-Open 2019"]
[Site "Bamberg"]
[Date "2019.05.31"]
[Round "4.7"]
[White "Weishaeutel, Moritz"]
[Black "Gegenfurtner, Juergen"]
[Result "1-0"]
[WhiteElo "2252"]
[BlackElo "2323"]
[Annotator "ChessBase"]
[PlyCount "75"]
[EventDate "2019.05.12"]
[EventType "swiss"]
[EventCountry "GER"]
[SourceTitle "playchess.com"]
[Source "ChessBase"]
[SourceQuality "1"]
[TimeControl "40/5400+30:900+30"]

1. e4 {[%emt 0:00:00]} e5 {[%emt 0:00:00]} 2. Bc4 {[%emt 0:00:01]} Nc6 {[%emt 0:00:22]} 3. Nc3 {[%emt 0:00:14]} Nf6 {[%emt 0:00:33]} 4. d3 {[%emt 0:00:17]} Bc5 {[%emt 0:00:17]} 5. f4 {[%emt 0:00:27]} d6 {[%emt 0:00:07]} 6. Nf3 {[%emt 0:00:07]} Bg4 {[%emt 0:00:11]} 7. Na4 {[%emt 0:00:23]} O-O {[%emt 0:00:32]} 8. Nxc5 {[%emt 0:00:13]} dxc5 {[%emt 0:00:05]} 9. O-O {[%emt 0:00:10]} Qd6 {[%emt 0:00:09]} 10. f5 {[%emt 0:00:11]} Nd4 {[%emt 0:05:55]} 11. c3 {[%emt 0:03:25]} Bxf3 {[%emt 0:04:32]} 12. gxf3 {[%emt 0:00:09]} b5 {[%emt 0:00:11]} 13. cxd4 {[%emt 0:00:49]} Qxd4+ {[%emt 0:00:32]} 14. Kh1 {[%emt 0:00:06]} bxc4 {[%emt 0:00:06]} 15. dxc4 {[%emt 0:00:06]} Rfd8 {[%emt 0:15:17]} 16. Qe2 {[%emt 0:06:45]} Rab8 {[%emt 0:01:40]} 17. Qg2 {[%emt 0:03:15]} Kf8 {[%emt 0:03:32]} 18. Rb1 {[%emt 0:06:49]} Qd3 {[%emt 0:22:31]} 19. Bg5 {[%emt 0:01:46]} h6 {[%emt 0:00:10]} 20. Bh4 {[%emt 0:07:09]} Rd6 {[%emt 0:04:43]} 21. Rg1 {[%emt 0:10:03]} g5 {[%emt 0:00:11]} 22. fxg6 {[%emt 0:02:23]} fxg6 {[%emt 0:00:06]} 23. f4 {[%emt 0:03:49]} Re8 {[%emt 0:09:00]} 24. Rbf1 {[%emt 0:07:00]} exf4 {[%emt 0:00:39]} 25. Rxf4 {[%emt 0:01:15]} Rxe4 {[%emt 0:13:58]} 26. Rxf6+ {[%emt 0:11:30]} Rxf6 {[%emt 0:00:15]} 27. Bxf6 {[%emt 0:00:03]} Re2 {[%emt 0:09:22]} 28. Qa8+ {[%emt 0:00:10]} Kf7 {[%emt 0:00:05]} 29. Bc3 {[%emt 0:00:20]} Qh3 {[%emt 0:00:54]} 30. Qd5+ {[%emt 0:01:31]} Ke8 {[%emt 0:00:22]} 31. Rg2 {[%emt 0:01:09]} Re6 {[%emt 0:01:09]} 32. Rf2 {[%emt 0:06:24]} Qe3 {[%emt 0:02:28]} 33. Qa8+ {[%emt 0:02:12]} Ke7 {[%emt 0:00:05]} 34. Qf8+ {[%emt 0:00:21]} Kd7 {[%emt 0:00:04]} 35. Rf7+ {[%emt 0:00:15]} Kc6 {[%emt 0:00:23]} 36. Qa8+ {[%emt 0:00:05]} Kb6 {[%emt 0:00:06]} 37. Qb8+ {[%emt 0:00:05]} Ka6 {[%emt 0:00:05]} 38. Qb5# 1-0

[Event "Bamberg-Open 2019"]
[Site "Bamberg"]
[Date "2019.05.31"]
[Round "4.8"]
[White "Berghof, Axel"]
[Black "Pribyl, Josef"]
[Result "1/2-1/2"]
[WhiteElo "2155"]
[BlackElo "2239"]
[Annotator "ChessBase"]
[PlyCount "39"]
[EventDate "2019.05.12"]
[EventType "swiss"]
[EventCountry "GER"]
[SourceTitle "playchess.com"]
[Source "ChessBase"]
[SourceQuality "1"]
[TimeControl "40/5400+30:900+30"]

1. d4 {[%emt 0:00:00]} Nf6 {[%emt 0:00:00]} 2. c4 {[%emt 0:00:00]} g6 {[%emt 0:00:00]} 3. Nc3 {[%emt 0:00:06]} d5 {[%emt 0:00:00]} 4. cxd5 {[%emt 0:04:13]} Nxd5 {[%emt 0:00:00]} 5. e4 {[%emt 0:00:18]} Nxc3 {[%emt 0:00:00]} 6. bxc3 {[%emt 0:00:06]} Bg7 {[%emt 0:00:00]} 7. Bc4 {[%emt 0:06:32]} c5 {[%emt 0:00:00]} 8. Ne2 {[%emt 0:00:50]} Nc6 {[%emt 0:00:00]} 9. Be3 {[%emt 0:00:59]} O-O {[%emt 0:00:00]} 10. O-O {[%emt 0:00:34]} Qc7 {[%emt 0:00:01]} 11. Qc1 {[%emt 0:07:58]} b6 {[%emt 0:04:25]} 12. Rb1 {[%emt 0:05:04]} e6 {[%emt 0:04:15]} 13. Bh6 {[%emt 0:11:42]} Bb7 {[%emt 0:09:37]} 14. Bxg7 {[%emt 0:03:19]} Kxg7 {[%emt 0:00:01]} 15. Ng3 {[%emt 0:05:42]} cxd4 {[%emt 0:09:50]} 16. Nh5+ {[%emt 0:08:39]} Kh8 {[%emt 0:11:18]} 17. Nf6 {[%emt 0:06:03]} Kg7 {[%emt 0:08:10]} 18. Nh5+ {[%emt 0:01:10]} Kh8 {[%emt 0:00:34]} 19. Nf6 {[%emt 0:00:07]} Kg7 {[%emt 0:10:13]} 20. Nh5+ {[%emt 0:00:19]} 1/2-1/2

[Event "Bamberg-Open 2019"]
[Site "Bamberg"]
[Date "2019.05.31"]
[Round "4.9"]
[White "Becker, Tobias"]
[Black "Hirneise, Jens"]
[Result "1/2-1/2"]
[WhiteElo "2019"]
[BlackElo "2375"]
[Annotator "TA"]
[PlyCount "161"]
[EventDate "2019.05.12"]
[EventType "swiss"]
[EventCountry "GER"]
[SourceTitle "playchess.com"]
[Source "ChessBase"]
[SourceQuality "1"]

{[%evp 11,161,0,0,11,12,0,6,0,22,33,37,36,34,15,23,20,26,-34,-19,-8,-16,-4,-16,-29,-6,-9,0,0,0,-53,-54,-110,-88,-105,-100,-96,-54,-52,-53,-45,-17,-79,-82,-125,-87,-82,-71,-106,-50,-43,-48,-46,-47,-55,-47,-47,-47,-74,-45,-54,0,-60,-51,-58,-52,-52,-57,-72,-70,-68,-60,-63,-65,-259,-253,-243,-142,-261,-261,-261,-265,-237,0,-245,-239,-573,-573,-573,-586,-563,-497,-29971,-645,-559,-468,-458,-425,-2320,-860,-759,0,-2140,-2140,-29976,-29977,-29977,-29978,-29977,-29978,-29974,-29973,-29970,-29970,-6436,-316,-1976,0,-709,-214,-235,-66,-112,-66,-333,-8,-67,-67,-66,0,0,49,38,44,50,45,52,157,169,158,66,67,68,68,0,0,0,57,0,0,0,64,0]} 1. d4 Nf6 2. Nf3 g6 3. Bg5 Bg7 4. Nbd2 c5 5. e3 cxd4 6. exd4 O-O 7. c3 {A48: 1 d4 Nf6 2 Nf3 g6: Torre, London and Colle Systems} (7. Bd3 Nc6 8. c3 d6 9. O-O Qc7 10. Re1 a6 11. a4 h6 12. Bxf6 Bxf6 13. Nc4 e5 14. dxe5 dxe5 15. Be4 Rd8 16. Qe2 Ne7 17. Bc2 {0-1 (60) Mamedyarov,S (2762)-Svidler,P (2742) Novi Sad 2016}) 7... d6 8. Bc4 Qc7 9. O-O {The position is equal.} Nc6 10. Re1 Rb8 $146 ({Predecessor:} 10... e5 11. dxe5 dxe5 12. Bb5 Ne8 13. Nc4 f6 14. Be3 Be6 15. Qa4 Nd6 16. Nxd6 Qxd6 17. Rad1 {½-½ (34) Kosic,D (2516)-Djukic,N (2545) Cetinje 2008}) 11. a4 e5 12. Bxf6 (12. dxe5 {seems wilder.} dxe5 13. h3 h6 14. Bh4 Rd8 15. b4) 12... Bxf6 13. Ne4 Be7 14. d5 (14. Bd5 $11) 14... Na5 15. Ba2 Bg4 16. Ned2 b6 17. h3 Bxf3 18. Qxf3 Kg7 19. Qe3 f5 20. f4 (20. b4 $11 Nb7 21. Bc4) 20... Bf6 21. g3 (21. Rec1 $15) 21... Rbe8 22. Qd3 exf4 23. gxf4 Qc5+ 24. Kg2 Bh4 25. Re2 Nb7 26. Rf1 (26. Bc4 $11 {keeps the balance.}) 26... Qc8 $17 27. Nb3 Rxe2+ 28. Qxe2 Re8 29. Qa6 Nc5 (29... Bf6 $17) 30. Qxc8 $1 $15 Rxc8 31. Nxc5 bxc5 {[%mdl 4096] Endgame KRB-KRB} 32. Bc4 Re8 33. Kf3 Re4 34. Bb5 a5 35. Rg1 h6 (35... Kf6 $15) 36. Rg2 (36. Bd3 $1 $11 Re1 37. Rxe1 Bxe1 38. Ke2) 36... Re1 37. Re2 Rf1+ 38. Kg2 $1 {[%cal Rg2f1]} Rxf4 39. Re6 $1 Rf2+ 40. Kg1 Rxb2 41. Rxd6 f4 42. Ra6 $2 (42. Bd3 $15) 42... f3 $1 $19 43. d6 Rg2+ (43... Bf2+ $1 $19 44. Kh2 Be1+ {[%mdl 64] Discovered Attack} 45. Kg1 Bxc3 46. Ra7+ Kf6) 44. Kf1 (44. Kh1 $17 {was worth a try.}) 44... Rd2 {[%cal Rd2d1]} 45. Kg1 Bf2+ 46. Kh2 Bh4+ 47. Kg1 Bg3 48. d7 $2 (48. Bc4 {is a better chance.}) 48... Rd1+ 49. Bf1 Rxd7 50. Rxa5 Rd2 51. Ra6 (51. Ra7+ $19 Kf6 52. Bc4 Rd1+ 53. Bf1) 51... Bf2+ (51... Bh2+ $142 52. Kh1 Bf4 53. Ra7+ Kf6 54. Kg1 Be3+ 55. Kh1 Bf4 56. Kg1 Be3+ 57. Kh1 Bf4) 52. Kh2 Bh4+ 53. Kg1 g5 54. Re6 (54. Bb5 $142 Bf2+ 55. Kf1) 54... Bf2+ (54... h5 $142 55. Re7+ Kf6) 55. Kh2 Bh4+ (55... Be1+ $142 56. Kg1 Bf2+ 57. Kh2 h5 58. Re7+ Kf6) 56. Kg1 h5 57. a5 Bf2+ 58. Kh2 h4 59. Re7+ Kf6 60. Re8 Be3+ 61. Kh1 Bf4 62. Kg1 Bh2+ 63. Kh1 {intending Rf8+.} Bf4 (63... Bd6 $142 64. Kg1 Bh2+ 65. Kh1 Bf4) 64. Kg1 $1 Ra2 $2 (64... Kf7 65. Re4 Bh2+ 66. Kh1 Bg3 67. Bc4+ Kf6) 65. a6 Bh2+ (65... Ra1 $1 $19 {and Black stays clearly on top. White must now prevent ...g4!} 66. Kf2 Bg3+ 67. Kg1 Kf5) 66. Kh1 $17 Bd6 {[#] ( -> ...Rh2+)} 67. Kg1 $2 {[%mdl 8192] [#]} ({White has to play} 67. Re6+ $1 $15 {[%mdl 512]} Kxe6 68. Bc4+ Kf5 69. Bxa2) 67... Kf5 $2 (67... g4 $1 $19 68. hxg4 Kg5) 68. Bc4 (68. Bd3+ $1 $11 Kf4 69. Re4+ Kg3 70. Rg4+ Kxh3 71. Bf5 Ra1+ {[#]} 72. Kf2 $1 {[%mdl 512]}) 68... Ra4 $15 69. Bb5 Ra5 (69... Ra1+ $15 70. Kf2 Kf4) 70. Bd3+ $11 Kf4 (70... Kf6 $5 {[%cal Rc5c4]} 71. Kf2 g4 72. hxg4 h3 $11) 71. Re4+ Kg3 72. Rg4+ {[%mdl 64] Double Attack} Kxh3 73. Rxg5 {[%cal Rd3f5]} f2+ (73... Bh2+ $14 74. Kf2 Bg3+ 75. Kxf3 Ra3) 74. Kxf2 $16 {And now Bf5+ would win.} Ra2+ 75. Kg1 ({White should play} 75. Kf3 $16 {Rg7 is the strong threat.} Ra3 76. Ke4) 75... Bh2+ $14 76. Kf1 {[%cal Rd3f5]} Bg3 77. Kg1 (77. Rf5 $1 $14) 77... Bf2+ ({Better is} 77... Rg2+ $11 78. Kf1 Rf2+ 79. Kg1 Rg2+ 80. Kf1 Rf2+ 81. Kg1 Rg2+) 78. Kf1 Bg3 $1 79. Kg1 (79. Rf5 $1 $14) 79... Bf2+ (79... Bh2+ $11 80. Kf1 Bg3) 80. Kf1 Bg3 $1 81. Kg1 {Accuracy: White = 37%, Black = 55%.} (81. Rf5 $1 $14) 1/2-1/2